000 00575nam a2200169Ia 4500
005 20250508152800.0
008 008 250505s9999 xx 000 0 eng d
037 _aTextual
040 _aFEDL
_beng
_cFEDL
041 _aeng
_2eng
084 _a374.954, IND
_qFEDL
245 0 _aOrganisation and administration of social education: Report of the tenth national seminar Gargoti, 22nd to 29th November, 1959
260 _aNew Delhi, India
_bAdult Education Association
_c1959
300 _a50p.
942 _cTEXL
_h374.954, IND
999 _c1338728
_d1338728